000 00473nam a2200157Ia 4500
005 20241106015704.0
008 240331s9999 xx 000 0 und d
020 _a0141007214
082 _bFRA
_a823
100 _aFrank,A
245 2 _aThe Diary of a young girl :
260 _aEngland
_bPenguin Books
_c1995
300 _a426 p .,
500 _aThe Diary of a Young Girl Remains the single most poignant true-life story to emerge from the second World War.
942 _cL
999 _c5642
_d5642